Guidance on the permeable surfacing of front gardens (Record no. 108712)

MARC details
000 -LEADER
fixed length control field 01524cad a22002415a 4500
001 - CONTROL NUMBER
control field L145184
008 - FIXED-LENGTH DATA ELEMENTS--GENERAL INFORMATION
fixed length control field 080915e20080910xxkado f f000 0 eng d
020 ## - INTERNATIONAL STANDARD BOOK NUMBER
International Standard Book Number 9781409804857
035 ## - SYSTEM CONTROL NUMBER
System control number (Sirsi) u145184
041 0# - LANGUAGE CODE
Language code of text/sound track or separate title eng
050 04 - LIBRARY OF CONGRESS CALL NUMBER
Classification number 711.1 $2 18
110 2# - MAIN ENTRY--CORPORATE NAME
Corporate name or jurisdiction name as entry element United Kingdom
Subordinate unit Department for Communities and Local Government
9 (RLIN) 4939
245 00 - TITLE STATEMENT
Title Guidance on the permeable surfacing of front gardens
Medium [electronic resource]
260 ## - PUBLICATION, DISTRIBUTION, ETC.
Place of publication, distribution, etc. Wetherby
-- CLG
Date of publication, distribution, etc. 2008
505 2# - FORMATTED CONTENTS NOTE
Formatted contents note What is the problem with paving front gardens? -- How can we prevent the problems? -- Types of surfaces -- How to design and construct permeable surfaces -- Looking after a permeable driveway -- Where can I find more information? -- Glossary
520 ## - SUMMARY, ETC.
Summary, etc. Discusses changes to the General Permitted Development Order (GPDO) effective from 1 October 2008 that will mean that hard surfacing of no more than five square metres will only be exempt from planning permission if the materials used are permeable. Where impermeable materials are to be used, planning permission must be sought. Provides guidance on achieving permeability and meeting the requirements for permitted development status.
521 ## - TARGET AUDIENCE NOTE
Target audience note General
590 ## - LOCAL NOTE (RLIN)
Local note KA NTK
651 #4 - SUBJECT ADDED ENTRY--GEOGRAPHIC NAME
Geographic name United Kingdom
Chronological subdivision
690 ## - LOCAL SUBJECT ADDED ENTRY--TOPICAL TERM (OCLC, RLIN)
Topical term or geographic name as entry element ENVIRONMENTAL AND LAND CONSULTANCY-PLANNING AND DEVELOPMENT-DEVELOPMENT CONTROL
856 40 - ELECTRONIC LOCATION AND ACCESS
Uniform Resource Identifier <a href="https://www.communities.gov.uk/publications/planningandbuilding/pavingfrontgardens">https://www.communities.gov.uk/publications/planningandbuilding/pavingfrontgardens</a>
Public note View the item free of charge online at www.communities.gov.uk...
942 ## - ADDED ENTRY ELEMENTS (KOHA)
Suppress in OPAC 0
Holdings
Withdrawn status Lost status Source of classification or shelving scheme Damaged status Not for loan Home library Current library Shelving location Date acquired Total Checkouts Full call number Barcode Date last seen Copy number Price effective from Koha item type
    Dewey Decimal Classification     Virtual Virtual Online 15/09/2008   ONLINE PUBLICATION 145184-1001 06/08/2019 1 06/08/2019 Book